Εφημερίς των συζητήσεων της Βουλής της Δ εν Αθήναις συντακτικής των ελλήνων συνελεύσεως : προεδρεία Κωνσταντίνου Δ. Ρακτιβάν

Αποθηκεύτηκε σε:
Λεπτομέρειες βιβλιογραφικής εγγραφής
Μορφή: Βιβλίο
Γλώσσα:Greek
Δημοσίευση: Εν Αθήναις : Εκ των τυπογραφικών καταστημάτων "Κόσμος", 1924
Θέματα:
Ετικέτες: Προσθήκη ετικέτας
Δεν υπάρχουν, Καταχωρήστε ετικέτα πρώτοι!

MARC

LEADER 00000cam a2200000 i 4500
001 1/12833
008 001023s1924 gre d
035 |l 10064367 
040 |a GR-MY-UA  |b gre  |e aacr 
041 0 |a gre 
082 0 |a 328.49502 
245 1 0 |a Εφημερίς των συζητήσεων της Βουλής της Δ εν Αθήναις συντακτικής των ελλήνων συνελεύσεως :  |b προεδρεία Κωνσταντίνου Δ. Ρακτιβάν 
260 |a Εν Αθήναις :   |b Εκ των τυπογραφικών καταστημάτων "Κόσμος",   |c 1924 
300 |a 2 τ. 
610 1 0 |a Ελλάς. 
650 0 0 |a Parliamentary practice  |z Greece. 
651 0 |a Greece  |x Politics and government  |x 20th century  |x Archives. 
852 |a INST  |b LESVOS  |e 20001023  |h 328.49502 ΕΦΗ  |p 005100025497  |q 005100025497  |t BK  |v τ.Ε:  |y 0  |z τ.Ε 
852 |a INST  |b LESVOS  |e 20001023  |h 328.49502 ΕΦΗ  |p 005100025498  |q 005100025498  |t BK  |v τ.Β:  |y 0  |z τ.Β 
853 |a INST  |b LESVOS  |h 328.49502 ΕΦΗ 
901 |a BIBL1-2000-2 
909 |a Λ  |b 081180 
909 |a Λ  |b 081181